<?xml version="1.0" encoding="UTF-8"?>
<collection xmlns="http://www.loc.gov/MARC21/slim">
 <record>
  <leader>00610pamaa2200205   4500</leader>
  <controlfield tag="001">0000017242</controlfield>
  <controlfield tag="005">20060421090000.0</controlfield>
  <datafield tag="020" ind1="0" ind2="0">
   <subfield code="a">0060168056 </subfield>
  </datafield>
  <datafield tag="082" ind1=" " ind2=" ">
   <subfield code="a">155.6423 BEP 1993</subfield>
  </datafield>
  <datafield tag="090" ind1="0" ind2="0">
   <subfield code="a">HQ1206 </subfield>
   <subfield code="b">BEP 1993</subfield>
  </datafield>
  <datafield tag="100" ind1="1" ind2="0">
   <subfield code="a">BEPKO </subfield>
  </datafield>
  <datafield tag="245" ind1="1" ind2="0">
   <subfield code="a">Singing at the top of our lungs : </subfield>
   <subfield code="b">women, love, and creativity  </subfield>
   <subfield code="c">Claudia Bepko and Jo-Ann Krestan.</subfield>
  </datafield>
  <datafield tag="260" ind1="0" ind2="0">
   <subfield code="a">New York: </subfield>
   <subfield code="b">Harper Collins, </subfield>
   <subfield code="c">1993.</subfield>
  </datafield>
  <datafield tag="300" ind1=" " ind2=" ">
   <subfield code="a">xv, 332p.: </subfield>
   <subfield code="b">24cm.</subfield>
  </datafield>
  <datafield tag="650" ind1="0" ind2="0">
   <subfield code="a">Love </subfield>
  </datafield>
  <datafield tag="650" ind1="0" ind2="0">
   <subfield code="a">Creative ability </subfield>
  </datafield>
  <datafield tag="650" ind1="0" ind2="0">
   <subfield code="a">Self-esteem in women </subfield>
  </datafield>
  <datafield tag="650" ind1="0" ind2="0">
   <subfield code="a">Women -- </subfield>
   <subfield code="x">Psychology </subfield>
  </datafield>
  <datafield tag="650" ind1="0" ind2="0">
   <subfield code="a">Interpersonal relations </subfield>
  </datafield>
  <datafield tag="700" ind1="1" ind2="1">
   <subfield code="a">Krestan, </subfield>
   <subfield code="h">Jo-Ann </subfield>
  </datafield>
 </record>
</collection>
